00573cam a22002291 4500001001300000003000400013005001700017008004100034010001700075025002000092035002000112040002100132042001200153050001800165100003600183245004400219260001100263300002200274500001600296650001400312999001700326sa 65000315 DLC20260227112102.0940930s1963 ii 000 0 maro  asa 65000315  aPL480:I-Mar-697 a(OCoLC)31205628 aDLCcCUdCUdDLC apremarc00aLB1025b.S6671 aSohonī, Govinda Prabhākara.10aAdhyāpanapaddhatīcī mūlatattve. c[1963] a8, 169 p.c19 cm. aIn Marathi. 0aTeaching. c61498d61498